KOHA-Header-6

Abnomal psychology / (Record no. 13064)

000 -LEADER
fixed length control field 01084cam a22003258i 4500
001 - CONTROL NUMBER
control field 20228054
003 - CONTROL NUMBER IDENTIFIER
control field MAJU-Karachi
005 - DATE AND TIME OF LATEST TRANSACTION
control field 20210520095443.0
008 - FIXED-LENGTH DATA ELEMENTS--GENERAL INFORMATION
fixed length control field 171221s2018 nju b 001 0 eng
010 ## - LIBRARY OF CONGRESS CONTROL NUMBER
LC control number 2017060357
020 ## - INTERNATIONAL STANDARD BOOK NUMBER
International Standard Book Number 9780134571737 (paperback : student edition)
020 ## - INTERNATIONAL STANDARD BOOK NUMBER
International Standard Book Number 0205970745 (paperback : student edition)
020 ## - INTERNATIONAL STANDARD BOOK NUMBER
International Standard Book Number 9780205971060
020 ## - INTERNATIONAL STANDARD BOOK NUMBER
International Standard Book Number 0205971067
040 ## - CATALOGING SOURCE
Original cataloging agency DLC
Language of cataloging eng
Description conventions rda
Transcribing agency DLC
042 ## - AUTHENTICATION CODE
Authentication code pcc
050 00 - LIBRARY OF CONGRESS CALL NUMBER
Classification number RC465
Item number .O47 2018
082 00 - DEWEY DECIMAL CLASSIFICATION NUMBER
Classification number 616.89
Edition number 23
100 1# - MAIN ENTRY--PERSONAL NAME
Personal name Oltmanns, Thomas F.,
Relator term author.
245 10 - TITLE STATEMENT
Title Abnomal psychology /
Statement of responsibility, etc Thomas F. Oltmanns, Washington University in St. Louis, Robert E. Emery, University of Virginia.
250 ## - EDITION STATEMENT
Edition statement Ninth edition.
263 ## - PROJECTED PUBLICATION DATE
Projected publication date 1802
300 ## - PHYSICAL DESCRIPTION
Extent pages cm
504 ## - BIBLIOGRAPHY, ETC. NOTE
Bibliography, etc Includes bibliographical references and index.
650 #0 - SUBJECT ADDED ENTRY--TOPICAL TERM
Topical term or geographic name as entry element Psychology, Pathological
Form subdivision Case studies.
650 #0 - SUBJECT ADDED ENTRY--TOPICAL TERM
Topical term or geographic name as entry element Psychiatry
Form subdivision Case studies.
906 ## - LOCAL DATA ELEMENT F, LDF (RLIN)
a 7
b cbc
c orignew
d 1
e ecip
f 20
g y-gencatlg
942 ## - ADDED ENTRY ELEMENTS (KOHA)
Source of classification or shelving scheme
Koha item type Psychology
Holdings
Withdrawn status Lost status Source of classification or shelving scheme Damaged status Not for loan Collection code Permanent Location Current Location Shelving location Date acquired Full call number Barcode Date last seen Price effective from Koha item type
          Psychology MAJU MAJU Shelf No.B35 2021-05-20 616.89 10163 2021-05-20 2021-05-20 Psychology

Powered by Koha